Best Footballers since 2000 - Statistics

General Stats
  • This quiz has been taken 3,601 times
  • The average score is 30 of 50
Answer Stats
Rank: Country: Player: % Correct
1 Argentina Lionel Messi
100%
3 Brazil Ronaldo
100%
2 Portugal Cristiano Ronaldo
91%
4 France Zinedine Zidane
91%
6 Spain Andrés Iniesta
87%
5 Brazil Ronaldinho
86%
8 Spain Xavi
86%
10 France Thierry Henry
80%
28 Uruguay Luis Suárez
79%
19 Sweden Zlatan Ibrahimović
78%
36 Ivory Coast Didier Drogba
76%
15 Italy Gianluigi Buffon
76%
11 Portugal Luís Figo
72%
7 Italy Paolo Maldini
72%
22 Cameroon Samuel Eto'o
72%
9 Italy Andrea Pirlo
71%
47 England Wayne Rooney
69%
37 England Frank Lampard
66%
32 Netherlands Arjen Robben
65%
42 England Steven Gerrard
65%
31 Ukraine Andriy Shevchenko
64%
26 Czech Republic Pavel Nedvěd
64%
21 Wales Ryan Giggs
64%
13 Brazil Kaká
63%
14 Italy Fabio Cannavaro
60%
50 Germany Thomas Müller
60%
34 Germany Manuel Neuer
58%
25 Brazil Roberto Carlos
58%
38 Spain David Villa
57%
16 Brazil Rivaldo
57%
30 Italy Alessandro Del Piero
55%
40 Spain Carles Puyol
54%
23 England Paul Scholes
51%
17 Italy Alessandro Nesta
50%
35 France Franck Ribéry
50%
27 Germany Philipp Lahm
50%
20 Brazil Cafu
49%
12 Spain Raúl
49%
41 Italy Francesco Totti
47%
44 Netherlands Ruud Van Nistelrooy
42%
48 England Michael Owen
41%
46 Netherlands Wesley Sneijder
41%
33 Netherlands Dennis Bergkamp
33%
49 Italy Filippo Inzaghi
32%
18 France Patrick Vieira
32%
29 Brazil Dani Alves
30%
24 Netherlands Clarence Seedorf
29%
45 England Alan Shearer
25%
43 France Lilian Thuram
24%
39 Argentina Javier Zanetti
23%
No matching quizzes found
Score Distribution
Percent of People with Each Score
Percentile by Number Answered
Your Score History
You have not taken this quiz